Patrones de crecimiento del gran Área Metropolitana : el caso de los proyectos de vivienda de interes social

Salvato in:
Dettagli Bibliografici
Autore principale: Monzon Pérez, Juan Pablo
Natura: Libro
Pubblicazione: San José, Costa Rica 1993
Soggetti:
Tags: Aggiungi Tag
Nessun Tag, puoi essere il primo ad aggiungerne!!

MARC

LEADER 00000nam a2200000Ia 4500
003 005553
005 20221231144319.0
008 140114s1993 cr a m 000 ||s d
040 |c cru CEDI 
090 |a TFG 2669 
100 |a Monzon Pérez, Juan Pablo  |9 12256 
245 |a Patrones de crecimiento del gran Área Metropolitana : el caso de los proyectos de vivienda de interes social 
260 |c 1993  |a San José, Costa Rica 
300 |a  xi, 161, [18] hojas : ilustraciones (algunas plegables) ; 28 cm.  
500 |a  Proyecto de graduación (licenciatura en ingeniería civil)--Universidad de Costa Rica. Facultad de Ingeniería. Escuela de Ingeniería Civil 
650 |x DESARROLLO URBANO - GRAN AREA METROPOLITANA (COSTA RICA)  |9 12257 
942 |c TFG 
999 |c 20016  |d 20016